000 01410cam a2200313 a 4500
005 20160127145651.0
008 981028s1995 ck abf b 000 0 spa d
020 _a9589412149
040 _aNYP
_cNYP
_dIXA
_dUIU
_dDLC
_dCO-BoIAVH
041 0 _aspa
044 _ack
082 0 4 _a304.2
_bT56p
245 0 0 _aTierra profanada :
_bgrandes proyectos en territorios indígenas de Colombia /
_c[Roberto Pineda Camacho ... et al.] ; Proyecto ONIC CECOIN GhK.
246 3 0 _aGrandes proyectos en territorios indígenas de Colombia
250 _a1. ed. en español.
260 _aSantafé de Bogotá, D.C., Colombia :
_bDisloque Editores,
_c1995.
300 _a344 páginas, [31] páginas de placas :
_bilustraciones, mapas (algunas a color) ;
_c34 x 24 cm.
504 _aIncluye referencias bibliográficas e índices.
650 4 _aComunidades indígenas
_xtenencia de la tierra
_zColombia.
650 4 _aComunidades indígenas
_zColombia
_xAspectos sociales.
650 0 _aEcología humana
_zColombia.
650 6 _aRecursos naturales
_zColombia.
650 6 _aConservación de los recursos naturales
_zColombia.
710 2 _aProyecto ONIC CECOIN GhK (Colombia)
710 2 _aOrganización Nacional Indígena de Colombia.
710 2 _aCentro de Cooperación al Indígena (Colombia)
710 1 _aGesamthochschule Kassel.
942 _2ddc
_cLIBRO
999 _c2298
_d2298